<?xml version="1.0" encoding="UTF-8"?>
<record
    xmlns:xsi="http://www.w3.org/2001/XMLSchema-instance"
    xsi:schemaLocation="http://www.loc.gov/MARC21/slim http://www.loc.gov/standards/marcxml/schema/MARC21slim.xsd"
    xmlns="http://www.loc.gov/MARC21/slim">

  <leader>01081nam a2200289 i 4500</leader>
  <controlfield tag="003">OSt</controlfield>
  <controlfield tag="005">20260514154440.0</controlfield>
  <controlfield tag="008">260514t20242024   ao  fr     001 0beng d</controlfield>
  <datafield tag="020" ind1=" " ind2=" ">
    <subfield code="a">9781399096775</subfield>
    <subfield code="c">RM220.00</subfield>
    <subfield code="q">paperback </subfield>
  </datafield>
  <datafield tag="040" ind1=" " ind2=" ">
    <subfield code="a">PPAK </subfield>
    <subfield code="b">eng </subfield>
    <subfield code="c">PPAK </subfield>
    <subfield code="e">rda </subfield>
  </datafield>
  <datafield tag="082" ind1="0" ind2="4">
    <subfield code="2">23</subfield>
    <subfield code="a">794.803</subfield>
  </datafield>
  <datafield tag="090" ind1="0" ind2="0">
    <subfield code="a">794.803</subfield>
    <subfield code="b">SCU </subfield>
    <subfield code="d">R</subfield>
  </datafield>
  <datafield tag="100" ind1="1" ind2=" ">
    <subfield code="a">Scullion, Chris, </subfield>
    <subfield code="e">author. </subfield>
  </datafield>
  <datafield tag="245" ind1="1" ind2="4">
    <subfield code="a">THE Game Boy ENCYCLOPEDIA : </subfield>
    <subfield code="b">Every Game Released for the Nintendo Game Boy and Game Boy Color / </subfield>
    <subfield code="c">CHRIS SCULLION </subfield>
  </datafield>
  <datafield tag="264" ind1=" " ind2="1">
    <subfield code="a">Yorkshire, Philadelphia : </subfield>
    <subfield code="b">WHITE OWL, AN IMPRINT OF PEN &amp; SWORD BOOKS LTD., </subfield>
    <subfield code="c">2024</subfield>
  </datafield>
  <datafield tag="264" ind1=" " ind2="4">
    <subfield code="c">&#xA9;2024</subfield>
  </datafield>
  <datafield tag="300" ind1=" " ind2=" ">
    <subfield code="a">320 pages ; </subfield>
    <subfield code="b">colour illustrations, colour photographs ; </subfield>
    <subfield code="c">30 cm</subfield>
  </datafield>
  <datafield tag="336" ind1=" " ind2=" ">
    <subfield code="a">text</subfield>
    <subfield code="2">rdacontent</subfield>
  </datafield>
  <datafield tag="337" ind1=" " ind2=" ">
    <subfield code="a">unmediated</subfield>
    <subfield code="2">rdamedia</subfield>
  </datafield>
  <datafield tag="338" ind1=" " ind2=" ">
    <subfield code="a">volume</subfield>
    <subfield code="2">rdacarrier</subfield>
  </datafield>
  <datafield tag="500" ind1=" " ind2=" ">
    <subfield code="a">Includes index. </subfield>
  </datafield>
  <datafield tag="650" ind1="1" ind2="0">
    <subfield code="a">Video games </subfield>
    <subfield code="x">Equipment and supplies </subfield>
    <subfield code="v">Encyclopedia</subfield>
  </datafield>
  <datafield tag="650" ind1="2" ind2="0">
    <subfield code="a">Game Boy video games </subfield>
    <subfield code="v">Encyclopedia</subfield>
  </datafield>
  <datafield tag="650" ind1="2" ind2="0">
    <subfield code="a">Nintendo video games </subfield>
  </datafield>
  <datafield tag="650" ind1="2" ind2="0">
    <subfield code="a">Electronic games industry </subfield>
    <subfield code="x">History </subfield>
  </datafield>
  <datafield tag="942" ind1=" " ind2=" ">
    <subfield code="2">ddc</subfield>
    <subfield code="c">B</subfield>
  </datafield>
  <datafield tag="999" ind1=" " ind2=" ">
    <subfield code="c">204283</subfield>
    <subfield code="d">204283</subfield>
  </datafield>
</record>
